LEADER 01709nam 2200385 450 001 9910135763103321 005 20231206190610.0 010 $a0-7381-4272-7 024 7 $a10.1109/IEEESTD.1985.82459 035 $a(CKB)3780000000089251 035 $a(NjHacI)993780000000089251 035 $a(EXLCZ)993780000000089251 100 $a20231206d1985 uy 0 101 0 $aeng 135 $aur||||||||||| 181 $ctxt$2rdacontent 182 $cc$2rdamedia 183 $acr$2rdacarrier 200 10$aANSI/IEEE Std 997-1985 $eIEEE Standard Serial ASCII Instrumentation Loop (SAIL) Shipboard Data Communication /$fInstitute of Electrical and Electronics Engineers 210 1$aPiscataway, NJ :$cIEEE,$d1985. 215 $a1 online resource (12 pages) 330 $aThis standard was developed to provide a common digital methodology to access or exchange operational data aboard oceanographic research vessels. Members of the Technical Committee on Oceanic Engineering and Technology include manufacturers of interface devices and users. The standard was first presented for discussion in draft form in the Exposure Newsletter, September 1981. 517 $a997-1985 - IEEE Standard Serial ASCII Instrumentation Loop 517 $aANSI/IEEE Std 997-1985: IEEE Standard Serial ASCII Instrumentation Loop (SAIL) Shipboard Data Communication 606 $aComputer networks$xStandards 606 $aDigital communications$xStandards 615 0$aComputer networks$xStandards. 615 0$aDigital communications$xStandards. 676 $a004.62 801 0$bNjHacI 801 1$bNjHacl 906 $aDOCUMENT 912 $a9910135763103321 996 $aANSI$92072434 997 $aUNINA LEADER 03658nam 2200613 450 001 9910798076203321 005 20200520144314.0 010 $a0-231-53987-8 024 7 $a10.7312/welt17256 035 $a(CKB)3710000000459485 035 $a(EBL)2127367 035 $a(SSID)ssj0001530039 035 $a(PQKBManifestationID)12628793 035 $a(PQKBTitleCode)TC0001530039 035 $a(PQKBWorkID)11523601 035 $a(PQKB)10087807 035 $a(StDuBDS)EDZ0001188769 035 $a(MiAaPQ)EBC2127367 035 $a(DE-B1597)459494 035 $a(OCoLC)918622378 035 $a(OCoLC)979754206 035 $a(DE-B1597)9780231539876 035 $a(Au-PeEL)EBL2127367 035 $a(CaPaEBR)ebr11086461 035 $a(CaONFJC)MIL822509 035 $a(EXLCZ)993710000000459485 100 $a20150819h20152015 uy 0 101 0 $aeng 135 $aur|n|---||||| 181 $ctxt 182 $cc 183 $acr 200 10$aAlgerian imprints $eethical space in the work of Assia Djebar and He?le?ne Cixous /$fBrigitte Weltman-Aron 210 1$aNew York, [New York] :$cColumbia University Press,$d2015. 210 4$d©2015 215 $a1 online resource (228 p.) 300 $aDescription based upon print version of record. 311 $a0-231-17256-7 320 $aIncludes bibliographical references and index. 327 $tFrontmatter --$tContents --$tAcknowledgments --$tIntroduction: Dissensus; or, The Political in the Writings of Djebar and Cixous --$tPART ONE: Colonial Demarcations --$tchapter one The Gravity of the Body: Djebar's and Cixous's Textuality --$tChapter two Going to School in French Algeria: The Archive of Colonial Education --$tPART TWO: Poetics of Language --$tChapter three: Vanishing Inscriptions: Djebar's Poetics of the Trace --$tChapter four: Poetic Inc.: Language as Hospitality in Cixous --$tPART THREE: Algerian War --$tChapter five: The Sound of Broken Memory: Djebar's Women Fighters --$tChapter six: Allergy in the Body Politic: War in Cixous --$tConclusion: The Logic of the Veil; or, The Epistemology of Nonseeing --$tNotes --$tBibliography --$tIndex 330 $aBorn and raised in French Algeria, Assia Djebar and Hélène Cixous represent in their literary works signs of conflict and enmity, drawing on discordant histories so as to reappraise the political on the very basis of dissensus.In a rare comparison of these authors' writings, Algerian Imprints shows how Cixous and Djebar consistently reclaim for ethical and political purposes the demarcations and dislocations emphasized in their fictions. Their works affirm the chance for thinking afforded by marginalization and exclusion and delineate political ways of preserving a space for difference informed by expropriation and nonbelonging. Cixous's inquiry is steeped in her formative encounter with the grudging integration of the Jews in French Algeria, while Djebar's narratives concern the colonial separation of "French" and "Arab," self and other. Yet both authors elaborate strategies to address inequality and injustice without resorting to tropes of victimization, challenging and transforming the understanding of the history and legacy of colonized space. 606 $aWomen and literature$zAlgeria 606 $aPolitics and literature$zAlgeria 615 0$aWomen and literature 615 0$aPolitics and literature 676 $a843/.914 700 $aWeltman-Aron$b Brigitte$f1961-$01453830 801 0$bMiAaPQ 801 1$bMiAaPQ 801 2$bMiAaPQ 906 $aBOOK 912 $a9910798076203321 996 $aAlgerian imprints$93781461 997 $aUNINA